00550 2200193 4500001002100000005001500021035002000036245010700056100002200163300002500185260003600210082001000246084001600256020002200272600001100294990001700305990001700322990001700339INLIS00000000000151820260702020342 a0010-07260000071 aPerkara Ibadah Pendorong, Penghalang, dan Perusaknya Pedoman Hidup Para Hamba Allah /cImam al-Ghazali0 aGhazali, Imam al- a99 hlm ;c14 X 21 cm aYogyakarta :bDIVA Press,c2023 a297.3 a297.3 GHA p a978-623-189-206-5 4aIbadah a4933/PP/2026 a4934/PP/2026 a4935/PP/2026